000 00426nam a2200181Ia 4500
005 20250423100856.0
008 250422s9999 xx 000 0 und d
020 _a8120713729
050 _aHM 254 .G46/
100 _aGhosh, B. N.
245 0 _aScientific method and social research
260 _aNew Delhi
260 _bSterling Publishers
260 _c2007
300 _a313 p
650 _aEducation
942 _cBK
999 _c34609
_d34609